000 00745nam a2200229Ia 4500
003 OSt
005 20251215150154.0
008 210716s2016 xx 000 0 und d
020 _a9781785280252
040 _cAIMIT LIBRARY
041 _aeng
082 _a005.763
_bGENJ
100 _aGendron, Jay.
_9249179
245 _aIntroduction to R for business intelligence:
_blearn how to leverage the power of R for business intelligence/
_cBy Jay Gendron.
250 _a1st ed.
260 _aMumbai
_bPackt Publishing Ltd
_c2016
300 _aiv,212 p.;
_bPB
_c24.5 cm.
650 _aData cleaning
_9249180
650 _aLinear regression for business
_9249181
650 _aTime series analysis
_9249182
942 _2ddc
_cBK
_e1st
_k005.763 GENJ
999 _c196806
_d196806